Asal usul adat resam Melayu

Bibliographic Details
Main Author: H.M.Sidin
Format: Book
Published: Kuala Lumpur : Penerbitan Pustaka Antara , 1964
Subjects:

MARC

LEADER 00000cam a2200000 7i4500
001 0000008280
005 20161123.0
040 |a INS 
090 0 0 |a DS594   |b H67 1964 
100 1 |a H.M.Sidin 
245 1 0 |a Asal usul adat resam Melayu   |c H.M.Sidin 
260 |a Kuala Lumpur :   |b Penerbitan Pustaka Antara ,   |c 1964 
300 |a 151p. ;   |c 18 cm. 
650 0 |a Malay   |x Social life and customs 
650 0 0 |a Malay culture 
999 |a 0000022608   |b BOOK   |c Open Shelf   |e Default branch